000 00774nam a2200253Ia 4500
001 dia_4076
003 CHAP
005 20230111131416.0
007 ta
008 220117s1983 mx f 001 0 spa d
010 _a174689
040 _cCHAP
_amxchpua
090 _aFOLLETO 2400
100 1 _aRojo Soberanez, Jorge V.
_9155645
245 1 0 _aComo ocultivar maíz de temporal en los valles centrales de Oaxaca /
_cJorge V. Rojo Soberanez
260 _aMéxico :
_bINIA, Campo Agrícola Experimental Valles Centrales de Oaxaca,
_c1983
300 _a11 páginas
500 _aS/c
650 1 3 _aMaíz
_xCultivo
_9155646
_zOaxaca
901 _aFOLLETO 2400
902 _aM
905 _a0000001983 mx 0000000000spa00
942 _cFOLL
_2local
999 _c174689
_d174689